000 00589nam a22002297a 4500
003 UA-OsUOA
001 28307
007 ta
008 20050315b un ||||| |||| 00| 0 ukr d
090 _a02(035)
_bК54
942 _cBK
040 _aUA-OsUOA
_bukr
_cUA-OsUOA
_dUA-OsUOA
245 _aКнижковий ринок України 2004-2005
_cРед. Є.Шмельов
300 _a302 с.
955 _a0
041 _aukr
080 _a02(035)
260 _aК.
_bВидавництво Олексія Капусти
_c2004
044 _aUA
650 7 _2UDC
999 _c314672
_d314672